| 000 | 00551nam a22002057a 4500 | ||
|---|---|---|---|
| 003 | OSt | ||
| 005 | 20220107122845.0 | ||
| 008 | 181112b xxu||||| |||| 00| 0 eng d | ||
| 020 | _a9789386551993 | ||
| 040 | _cIIITMK | ||
| 082 | _a006.312 BHU/B | ||
| 100 |
_aBhushan, Mayank _915048 |
||
| 245 |
_aBig data and hadoop: _bLearn by example _cMayank Bhushan |
||
| 260 |
_aNew Delhi, _bBPB Publications, _c2018. |
||
| 300 | _axii, 321p. | ||
| 650 |
_aCOMPUTER SCIENCE _915070 |
||
| 650 |
_aBIG DATA _915071 |
||
| 650 |
_aHADOOP _915072 |
||
| 942 |
_2ddc _cBK |
||
| 999 |
_c6259 _d6259 |
||